| 000 | 01612cam a2200421 i 4500 | ||
|---|---|---|---|
| 999 |
_c60475 _d60475 |
||
| 001 | 60475 | ||
| 003 | Mx-PuUPA | ||
| 005 | 20230223115740.0 | ||
| 008 | 140415s2011 mx a gr 001 0 spa d | ||
| 020 |
_a9786077630753 _qtomo 7 |
||
| 020 |
_a9786077240013 _qtomo 8 |
||
| 020 |
_a9786077240020 _qtomo 9 |
||
| 020 |
_a9786077240143 _qtomo 10 |
||
| 020 |
_a9786077240358 _qtomo 11 |
||
| 020 |
_a9786077630340 _cobra completa |
||
| 040 |
_aMx-PuUPA _bspa _cMx-PuUPA _dMx-PuUPA _erda |
||
| 041 | 0 | _aspa | |
| 100 | 1 |
_aCosío Villegas, Daniel, _d1898-1976, _eautor _910396 |
|
| 245 | 1 | 0 |
_aHistoria moderna de México / _cDaniel Cosío Villegas |
| 246 | 1 | 8 |
_aDaniel Cosío Villegas : _bobras |
| 250 | _aPrimera edición | ||
| 264 | 4 |
_aMéxico, D.F. : _bEl Colegio Nacional, _c©2011-2013 |
|
| 300 |
_a5 volúmenes (paginación varía) : _bilustraciones ; _c24 cm |
||
| 336 |
_2rdacontent _atexto _btxt |
||
| 337 |
_2rdamedia _asin medio _bn |
||
| 338 |
_2rdacarrier _avolumen _bnc |
||
| 490 | 0 |
_aObras de Daniel Cosío Villegas ; _v7-11 |
|
| 505 | 0 |
_atomo 7. _tEl porfiriato : la vida política interior 1. -- |
|
| 505 | 0 |
_atomo 8. _tEl porfiriato : la vida política interior 2. -- |
|
| 505 | 0 |
_atomo 9. _tEl porfiriato : la vida política interior 3. -- |
|
| 505 | 0 |
_atomo 10. _tEl porfiriato : la vida política interior 4. -- |
|
| 505 | 0 |
_atomo 11. _tEl porfiriato : la vida política interior 5. |
|
| 651 | 4 |
_aMéxico _xHistoria _y1867-1910 |
|
| 651 | 4 |
_aMéxico _xPolítica y gobierno _y1867-1910 |
|
| 942 |
_2ddc _cLI _h972.0814 _iC834 |
||